Advanced techniques for collecting statistical data / edited by Olga Moreira. (Record no. 22657)

000 -LEADER
fixed length control field 01543nam a22001697a 4500
020 ## - INTERNATIONAL STANDARD BOOK NUMBER
ISBN 9781774694978
082 ## - DEWEY DECIMAL CLASSIFICATION NUMBER
Classification number 310.723
Item number Ad244 2023
245 ## - TITLE STATEMENT
Title Advanced techniques for collecting statistical data / edited by Olga Moreira.
260 ## - PUBLICATION, DISTRIBUTION, ETC. (IMPRINT)
Place of publication Burlington, ON :
Name of publisher Arcler Press,
Year of publication c2023.
300 ## - PHYSICAL DESCRIPTION
Number of Pages 1 online resource, xx, 385 pages :
Other physical details illustrations (some color).
500 ## - GENERAL NOTE
General note Includes bibliographical references and index.
520 ## - SUMMARY, ETC.
Summary, etc Advanced Techniques for Collecting Statistical Data is an edited book consisting of 17 contemporaneous open-access articles focused on data collection methods, from qualitative research techniques to automated data collection systems. The first chapters include a practical guide to designing, sampling, and collecting qualitative research data. The second part of the book is devoted to data mining of information collected from clinical and social studies surveys, as well as from social media. The final chapters reflect on current efforts to optimize and automate data collection procedures. This book also includes new methodologies based on automatic data collection and analysis systems based on smartphone technology and artificial intelligence, as well as their application in clinical research, sociology, stock market prediction and other fields. This book is intended to reach an academic audience ranging from undergraduate students to junior researchers.
650 ## - SUBJECT ADDED ENTRY--TOPICAL TERM
Topical Term Statistics - Data collect.
650 ## - SUBJECT ADDED ENTRY--TOPICAL TERM
Topical Term Qualitative research.
700 ## - ADDED ENTRY--PERSONAL NAME
Personal name Moreira, Olga, editor.
942 ## - ADDED ENTRY ELEMENTS (KOHA)
Koha item type Electronic Books
Holdings
Source of acquisition Permanent Location Date acquired Collection code Koha item type Lost status Shelving location Withdrawn status Current Location Full call number
DonationCagayan State University - Carig Library2026-04-16E-BooksElectronic Books E-Resource Section Cagayan State University - Carig Library310.723 Ad244 2023

Cagayan State University University Library, Carig Campus
Tuguegarao City, Cagayan 3500 | www.csucarig.edu.ph

Powered by Koha